000 00585cam a22002053a 4500
001 35959
003 PGUSA
005 20140828083755.0
008 110425s2011||||xxu|||||s|||||000 | eng d
040 _aPGUSA
_beng
042 _adc
100 1 _aInchbald,
_cMrs,
_d1753-1821
245 1 4 _aThe Widow's Vow :
_bA Farce, in Two Acts
_h[electronic resource] /
_cInchbald,
260 _bProject Gutenberg,
_c2011
506 _aPublic domain in the USA.
516 _aElectronic text
830 0 _aProject Gutenberg
_v35959
856 4 0 _uhttp://www.gutenberg.org/ebooks/35959
942 _cEB
999 _c265214
_d265214